The American judiciary /

Bibliographic Details
Main Author: Baldwin, Simeon E. (Simeon Eben), 1840-1927
Format: Book
Language:English
Published: Farmingdale, N.Y. : Dabor Social Science Publications, [1978]
Series:American State series.
Subjects:

MARC

Tag First Indicator Second Indicator Subfields
LEADER 00000cam a22000008a 4500
001 in00000074528
005 20151008053555.0
008 781122r19781905nyu 00110 engm
010 |a  78026681  
020 |a 0895610809 
035 |a (OCoLC)04492775 
035 |9 AAH7887AM 
040 |a DLC  |c DLC  |d m.c.  |d TXA  |d UtOrBLW 
043 |a n-us--- 
049 |a TXAM  |c [932505] 
050 0 0 |a KF8719  |b .B3 1978 
082 0 |a 347/.73 
100 1 |a Baldwin, Simeon E.  |q (Simeon Eben),  |d 1840-1927. 
245 1 4 |a The American judiciary /  |c by Simeon E. Baldwin ; with an introduction by Richard M. Pious. 
264 1 |a Farmingdale, N.Y. :  |b Dabor Social Science Publications,  |c [1978] 
264 4 |c ©1978 
300 |a xiii, 403 pages ;  |c 23 cm. 
336 |a text  |b txt  |2 rdacontent 
337 |a unmediated  |b n  |2 rdamedia 
338 |a volume  |b nc  |2 rdacarrier 
500 |a Reprint. Originally published: New York : Century Co., 1905. (The American state series). 
500 |a "A Martin I. Blaustein book." 
500 |a Includes index. 
650 0 |a Courts  |z United States. 
650 0 |a Law  |z United States  |x History. 
830 0 |a American State series. 
999 |a MARS 
999 f f |s 56705f85-f52a-3308-9eaf-9d358a5f04b9  |i 33ccd607-e9c6-370e-a4aa-f64a7b7f8b58  |t 0 
952 f f |p ric  |a Texas A&M University  |b Rellis Campus  |c Joint Library Facility  |d Remote Storage  |t 0  |e KF8719 .B3 1978  |h Library of Congress classification  |i unmediated -- volume  |m A14806157187 
998 f f |a KF8719 .B3 1978  |t 0  |l Remote Storage